Movies Quiz

Random Movies or Actor Quiz

Raul Julia feature films Quiz Stats

 Plays Quiz not verified by Sporcle

Score 0/31 Timer 07:00
0 Plays Today
Year Answer % Correct
1991The Addams Family
89.3%
1993Addams Family Values
78.6%
1994Street Fighter
67.9%
1985Kiss of the Spider Woman
60.7%
1990Presumed Innocent
46.4%
1988Moon Over Parador
35.7%
1989Romero
35.7%
1971The Panic in Needle Park
32.1%
1982One from the Heart
25%
1982Tempest
25%
1985Compromising Positions
25%
1988Tequila Sunrise
25%
1989Mack the Knife
25%
1990The Rookie
25%
1969Stiletto
21.4%
1986The Morning After
21.4%
Year Answer % Correct
1990Havana
21.4%
1971Been Down So Long It Looks Like Up to Me
17.9%
1976The Gumball Rally
17.9%
1978Eyes of Laura Mars
17.9%
1982The Escape Artist
17.9%
1992The Plague
17.9%
1971The Organization
14.3%
1979A Life of Sin
14.3%
1981Strong Medicine
14.3%
1987Tango Bar
14.3%
1988Trading Hearts
14.3%
1990Roger Corman's Frankenstein Unbound
14.3%
1986La Gran Fiesta
10.7%
1988The Penitent
10.7%
1979Othello (video)
7.1%

You're not logged in!

Compare scores with friends on all Sporcle quizzes.
OR
Log In

Sporcle TV

Today on Sporcle TV


Watch our educational content, quiz creation guides, and fun videos on Sporcle TV.

Show Comments

Extras

Top Quizzes Today


Score Distribution

Your Account Isn't Verified!

In order to create a playlist on Sporcle, you need to verify the email address you used during registration. Go to your Sporcle Settings to finish the process.

Report this User

Report this user for behavior that violates our Community Guidelines.

Details: